[Event "DEM U12 2018"]
[Site "Willingen GER"]
[Date "2018.05.20"]
[Round "2"]
[White "Garner, Isaac"]
[Black "Morczynski, Joachim"]
[Result "1-0"]
[Termination "normal"]
[Board "17"]
[WhiteElo "1751"]
[BlackElo "1665"]
[PlyCount "47"]
[WhiteFideId "16239261"]
[BlackFideId "16209745"]
[EventCountry "GER"]
[EventRounds "11"]
[EventType "swiss"]
[EventDate "2018.05.19"]

1. e4 d6 2. d4 Nf6 3. Nc3 g6 4. Bg5 Bg7 5. Qd2 c6 6. Bh6 Bxh6 7. Qxh6 Qa5 8.
Bd3 Qb6 9. Nge2 Qxb2 10. O-O Qb6 11. e5 dxe5 12. dxe5 Nh5 13. h3 Qb4 14. Ne4 f5
15. exf6 Nxf6 16. Nxf6+ exf6 17. Bxg6+ Kd8 18. Rad1+ Nd7 19. Nf4 Qc4 20. Rfe1
Kc7 21. Ne6+ Kb8 22. Qg7 hxg6 23. Qxh8 Ne5 24. Qxf6 1-0

[Event "DEM U12 2018"]
[Site "Willingen GER"]
[Date "2018.05.20"]
[Round "2"]
[White "Hagenbeck-Hübert, Ben"]
[Black "Mimkes, Antal"]
[Result "1-0"]
[Termination "normal"]
[Board "18"]
[WhiteElo "1760"]
[BlackElo "1559"]
[PlyCount "127"]
[WhiteFideId "16230779"]
[BlackFideId "16265963"]
[EventCountry "GER"]
[EventRounds "11"]
[EventType "swiss"]
[EventDate "2018.05.19"]

1. e4 e5 2. Nf3 Nc6 3. Nc3 Nf6 4. Bb5 Nd4 5. Nxd4 exd4 6. e5 dxc3 7. exf6 cxd2+
8. Bxd2 Qxf6 9. O-O Be7 10. Re1 O-O 11. Bc3 Qg5 12. Re5 Qf6 13. Re3 Qd6 14. Qg4
Bf6 15. Bb4 Qd4 16. Qxd4 Bxd4 17. Re4 c5 18. Rxd4 cxd4 19. Bxf8 Kxf8 20. Rd1 a6
21. Be2 d5 22. Rxd4 Be6 23. Bf3 Rc8 24. c3 Rc5 25. Kf1 Ke7 26. Ke2 Kd6 27. Kd2
Ra5 28. a3 Rc5 29. b4 Rc7 30. c4 Rxc4 31. Rxc4 dxc4 32. Bxb7 a5 33. bxa5 Kc5
34. a6 Kb6 35. Kc3 Ka7 36. Kb4 f5 37. Bc6 Kxa6 38. Bb5+ Kb6 39. Bxc4 Bd7 40. a4
Bc6 41. g3 Be4 42. Bb5 g5 43. Kc3 Kc5 44. Bd3 Bc6 45. Bxf5 Bxa4 46. Bxh7 g4 47.
Bf5 Bd1 48. h4 Kd5 49. Kd3 Ke5 50. Bc8 Bf3 51. Ke3 Bd1 52. h5 Bf3 53. h6 Kf6
54. h7 Kg7 55. Bf5 Bd1 56. Kf4 Kh8 57. Bxg4 Bb3 58. Bf5 Kg7 59. g4 Kh8 60. g5
Kg7 61. g6 Be6 62. Bxe6 Kh8 63. Kg5 Kg7 64. f4 1-0

[Event "DEM U12 2018"]
[Site "Willingen GER"]
[Date "2018.05.20"]
[Round "2"]
[White "Sinnhöfer, Joshua"]
[Black "Hoke, Adrian Neo"]
[Result "1/2-1/2"]
[Termination "normal"]
[Board "19"]
[WhiteElo "1536"]
[BlackElo "1628"]
[PlyCount "46"]
[WhiteFideId "16201361"]
[BlackFideId "16218264"]
[EventCountry "GER"]
[EventRounds "11"]
[EventType "swiss"]
[EventDate "2018.05.19"]

1. e4 e5 2. Nf3 Nc6 3. Bc4 Bc5 4. c3 Nf6 5. d4 exd4 6. cxd4 Bb4+ 7. Bd2 Nxe4 8.
Bxb4 Nxb4 9. Bxf7+ Kxf7 10. Qb3+ d5 11. Ne5+ Ke8 12. Qxb4 Rf8 13. O-O Qg5 14.
Qb3 c6 15. Qc2 Bf5 16. Qe2 Rd8 17. f3 Qh5 18. g4 Qg5 19. fxe4 Bxe4 20. Rxf8+
Kxf8 21. Qf2+ Kg8 22. Qf7+ Kh8 23. Qf2 Qc1+ 1/2-1/2

[Event "DEM U12 2018"]
[Site "Willingen GER"]
[Date "2018.05.20"]
[Round "2"]
[White "Klugstedt, Vincent"]
[Black "Langer, Paul Georg"]
[Result "1/2-1/2"]
[Termination "normal"]
[Board "20"]
[WhiteElo "1810"]
[BlackElo "1300"]
[PlyCount "92"]
[WhiteFideId "16216393"]
[BlackFideId "16230051"]
[EventCountry "GER"]
[EventRounds "11"]
[EventType "swiss"]
[EventDate "2018.05.19"]

1. d4 Nf6 2. c4 e6 3. Nc3 Bb4 4. Qc2 O-O 5. Nf3 b6 6. e4 Bb7 7. Bd3 Bxc3+ 8.
bxc3 d6 9. Bg5 h6 10. Bh4 e5 11. dxe5 dxe5 12. Nxe5 Qd6 13. Bxf6 Qxf6 14. Nf3
Nd7 15. O-O Nc5 16. Rfe1 Rad8 17. Rad1 Rfe8 18. Nd4 Nxd3 19. Qxd3 c5 20. f3
cxd4 21. cxd4 Ba6 22. Re2 Rc8 23. Rc2 Red8 24. d5 Qd6 25. Rdc1 Rc5 26. Qd4 f6
27. Qd3 Rdc8 28. Qa3 Qd7 29. Qb3 b5 30. cxb5 Rxc2 31. Rxc2 Rxc2 32. Qxc2 Qxb5
33. Kf2 Qb6+ 34. Kg3 Qb8+ 35. Kf2 Qc8 36. Qb3 Qc5+ 37. Kg3 Qd6+ 38. Kf2 Qb6+
39. Qxb6 axb6 40. Ke3 Kf7 41. Kf4 g5+ 42. Ke3 Ke7 43. Kd4 Kd6 44. g3 Bc8 45. f4
45... f5 {(=)} 46. e5+ Ke7 1/2-1/2

[Event "DEM U12 2018"]
[Site "Willingen GER"]
[Date "2018.05.20"]
[Round "2"]
[White "Hoffmann, Kay"]
[Black "Niemann, Leon"]
[Result "1-0"]
[Termination "normal"]
[Board "21"]
[WhiteElo "1247"]
[BlackElo "1563"]
[PlyCount "73"]
[WhiteFideId "16227000"]
[BlackFideId "16218388"]
[EventCountry "GER"]
[EventRounds "11"]
[EventType "swiss"]
[EventDate "2018.05.19"]

1. e4 c5 2. Nc3 Nc6 3. g3 g6 4. Bg2 Bg7 5. Nge2 Nf6 6. d3 O-O 7. O-O d6 8. Be3
Rb8 9. Qd2 Re8 10. f4 Na5 11. f5 b5 12. h3 b4 13. Nd1 Qc7 14. g4 Bb7 15. g5 Nd7
16. Nf2 Bxb2 17. Rab1 Bg7 18. Ng4 Nc6 19. f6 Bf8 20. fxe7 Rxe7 21. Nf6+ Nxf6
22. gxf6 Rd7 23. Bh6 Qd8 24. Kh2 Bxh6 25. Qxh6 Qf8 26. Qg5 h6 27. Qg4 Ne5 28.
Qg3 Kh7 29. Nf4 h5 30. h4 Ng4+ 31. Kh1 Rc7 32. Nh3 Rd8 33. Ng5+ Kg8 34. Bh3 Bc8
35. Rbe1 Qe8 36. Bxg4 Bxg4 37. e5 1-0

[Event "DEM U12 2018"]
[Site "Willingen GER"]
[Date "2018.05.20"]
[Round "2"]
[White "Lehmann, Nils"]
[Black "Sieber, Bert"]
[Result "0-1"]
[Termination "normal"]
[Board "22"]
[WhiteElo "1558"]
[BlackElo "1453"]
[PlyCount "120"]
[WhiteFideId "12982610"]
[BlackFideId "16265971"]
[EventCountry "GER"]
[EventRounds "11"]
[EventType "swiss"]
[EventDate "2018.05.19"]

1. e4 c5 2. Nf3 g6 3. d4 cxd4 4. Nxd4 Nf6 5. Nc3 Nc6 6. Be3 Bg7 7. f3 O-O 8.
Bc4 Qb6 9. Bb3 Ng4 10. Na4 Qb4+ 11. c3 Nxe3 12. Qd3 Nxg2+ 13. Kf2 Nf4 14. Qc4
Qxc4 15. Bxc4 Nxd4 16. cxd4 Bxd4+ 17. Kg3 Be5 18. Kf2 d6 19. Ke3 Bd7 20. Nc3
Rfc8 21. Nd5 Nxd5+ 22. Bxd5 Bc6 23. Bb3 Bxb2 24. Rab1 Bg7 25. h4 h5 26. f4 e6
27. Rhg1 Bd7 28. Rg2 Rc3+ 29. Kf2 Bd4+ 30. Ke2 Re3+ 31. Kd2 Rxe4 32. f5 exf5
33. Rxg6+ Kf8 34. Rxd6 Be3+ 35. Kd1 Ke7 36. Rd5 Be6 37. Rb5 Rd8+ 38. Kc2 b6 39.
Bxe6 fxe6 40. Rh1 Rdd4 41. Rh2 Rb4 42. Rxb4 Rxb4 43. Rg2 Rg4 44. Re2 f4 45. Kd3
Rxh4 46. Rc2 Bc5 47. Ke4 Kf6 48. Kf3 Kf5 49. a4 Rh3+ 50. Kg2 Rg3+ 51. Kh2 h4
52. a5 h3 53. Rc4 Bg1+ 54. Kh1 f3 55. a6 Bc5 56. Kh2 Bd6 57. Rd4 Be5 58. Kh1 f2
59. Rd1 Rg2 60. Rd3 Rh2# 0-1

[Event "DEM U12 2018"]
[Site "Willingen GER"]
[Date "2018.05.20"]
[Round "2"]
[White "Gerdes, Jannes"]
[Black "Halabi, Ibrahim"]
[Result "1/2-1/2"]
[Termination "normal"]
[Board "23"]
[WhiteElo "1492"]
[BlackElo "1701"]
[PlyCount "145"]
[WhiteFideId "16254627"]
[BlackFideId "16241754"]
[EventCountry "GER"]
[EventRounds "11"]
[EventType "swiss"]
[EventDate "2018.05.19"]

1. d4 d5 2. c4 c6 3. Nf3 Nf6 4. Nc3 e6 5. g3 Be7 6. Bg2 Nbd7 7. O-O O-O 8. Qb3
Nb6 9. c5 Nbd7 10. Na4 b6 11. cxb6 axb6 12. Nd2 b5 13. Nc3 Ba6 14. Re1 Nb6 15.
e4 Rc8 16. exd5 Nbxd5 17. Nxd5 Nxd5 18. Ne4 Qb6 19. Nc5 Bxc5 20. dxc5 Qxc5 21.
Bd2 Rfd8 22. Rec1 Qe7 23. Ba5 Re8 24. Bd2 Qd7 25. Rd1 Qb7 26. Qc2 Qa8 27. a3
Bb7 28. Be4 Nf6 29. Bd3 h6 30. Qc3 Red8 31. Bxh6 Qa4 32. Bg5 c5 33. Bc2 Rxd1+
34. Rxd1 Qg4 35. Bxf6 gxf6 36. Qxf6 Bf3 37. Re1 Bd5 38. Re5 Kf8 39. Qh8+ Qg8
40. Rh5 Ke7 41. Qxg8 Rxg8 42. Re5 b4 43. axb4 cxb4 44. h4 Rc8 45. Re2 b3 46.
Be4 Bxe4 47. Rxe4 Rc2 48. Rb4 Rxb2 49. g4 Rb1+ 50. Kg2 b2 51. g5 Kf8 52. h5 Kg7
53. Rb5 Kh7 54. Rb6 Kg7 55. Rb3 e5 56. Rb6 e4 57. Rb5 Rc1 58. Rxb2 Rc5 59. Re2
Rxg5+ 60. Kf1 f5 61. f3 exf3 62. Rf2 Rxh5 63. Rxf3 Kf6 64. Kf2 Rh4 65. Kg3 Rg4+
66. Kh3 Ke5 67. Rf1 Re4 68. Kg3 f4+ 69. Kg4 Ra4 70. Re1+ Kd5 71. Rf1 Ra8 72.
Rxf4 Rg8+ 73. Kf3 1/2-1/2

[Event "DEM U12 2018"]
[Site "Willingen GER"]
[Date "2018.05.20"]
[Round "2"]
[White "Chassard, Cedric"]
[Black "Dornheim, Carl Friedrich"]
[Result "1-0"]
[Termination "normal"]
[Board "24"]
[WhiteElo "1590"]
[BlackElo "1441"]
[PlyCount "87"]
[WhiteFideId "16243536"]
[BlackFideId "16252314"]
[EventCountry "GER"]
[EventRounds "11"]
[EventType "swiss"]
[EventDate "2018.05.19"]

1. e4 c5 2. Nf3 d6 3. d4 cxd4 4. Nxd4 Nf6 5. Nc3 e6 6. Be2 Be7 7. O-O O-O 8.
Be3 a6 9. Qd2 b5 10. a3 Bb7 11. f3 d5 12. e5 Nfd7 13. f4 Nc6 14. Bd3 Nxd4 15.
Bxd4 Qc7 16. Rae1 Bc5 17. Bxc5 Qxc5+ 18. Kh1 Qc7 19. Ne2 Nb6 20. Nd4 Nc4 21.
Qc3 Rac8 22. Rf3 Qb6 23. Rh3 g6 24. b3 Nxe5 25. Qb2 Nxd3 26. cxd3 Rce8 27. Qf2
h5 28. Re5 f5 29. Qg3 Kf7 30. Nf3 Kg7 31. Rxh5 Qc7 32. Rg5 Rf6 33. Nh4 Qf7 34.
Re1 Rc8 35. Nf3 Rc3 36. Ne5 Qe8 37. h4 Kh6 38. h5 gxh5 39. Rg7 Rg6 40. Rxg6+
Kh7 41. Rg7+ Kh8 42. Nf7+ Qxf7 43. Rxf7 Rxd3 44. Qg7# 1-0

[Event "DEM U12 2018"]
[Site "Willingen GER"]
[Date "2018.05.20"]
[Round "2"]
[White "Movsisyan, Andranik"]
[Black "Schulemann, Gero"]
[Result "1/2-1/2"]
[Termination "normal"]
[Board "25"]
[WhiteElo "1654"]
[BlackElo "1700"]
[PlyCount "75"]
[WhiteFideId "16240391"]
[BlackFideId "16227646"]
[EventCountry "GER"]
[EventRounds "11"]
[EventType "swiss"]
[EventDate "2018.05.19"]

1. d4 Nf6 2. Nf3 e6 3. Bf4 c5 4. e3 Nc6 5. c3 b6 6. Bd3 Bb7 7. Nbd2 d5 8. Qe2
Nh5 9. Bg3 Nxg3 10. hxg3 g6 11. O-O-O c4 12. Bc2 Bg7 13. e4 O-O 14. e5 b5 15.
Qe3 b4 16. Rh2 bxc3 17. bxc3 Qa5 18. Nb1 f5 19. Ng5 h5 20. Nxe6 Rf7 21. Qg5 Kh7
22. g4 Bh6 23. gxh5 Bxg5+ 24. Nxg5+ Kg7 25. h6+ Kf8 26. h7 Rxh7 27. Rxh7 Ne7
28. e6 Qc7 29. Rdh1 Qf4+ 30. Kb2 Qxg5 31. Rf7+ Kg8 32. Rhh7 Re8 33. Na3 Bc6 34.
g3 Rb8+ 35. Bb3 Qd2+ 36. Nc2 cxb3 37. Rhg7+ Kh8 38. Rh7+ 1/2-1/2

[Event "DEM U12 2018"]
[Site "Willingen GER"]
[Date "2018.05.20"]
[Round "2"]
[White "Tovmasyan, Minas"]
[Black "Phan Trong, Dai"]
[Result "1-0"]
[Termination "normal"]
[Board "26"]
[WhiteElo "1480"]
[BlackElo "1579"]
[PlyCount "111"]
[WhiteFideId "16247620"]
[BlackFideId "16236939"]
[EventCountry "GER"]
[EventRounds "11"]
[EventType "swiss"]
[EventDate "2018.05.19"]

1. d4 d5 2. c4 e6 3. Nc3 Nf6 4. Nf3 c5 5. cxd5 Nxd5 6. Nxd5 exd5 7. dxc5 Bxc5
8. g3 Qb6 9. e3 Be6 10. Bg2 O-O 11. O-O Nc6 12. b3 Rad8 13. Bb2 f6 14. Rc1 Bf7
15. Qc2 Bd6 16. Rfd1 Nb4 17. Bd4 Qa6 18. Qd2 Bg6 19. Bc3 Nd3 20. Bf1 Ba3 21.
Ra1 Rc8 22. Bxd3 Bxd3 23. Qxd3 Qc6 24. Bd4 Rc7 25. Qd2 Rd8 26. Bb2 Bxb2 27.
Qxb2 Rcd7 28. Nd4 Qd6 29. Rac1 Qe5 30. Qd2 Re8 31. Rc3 Rde7 32. Rdc1 Kf7 33.
Rc8 h5 34. Rxe8 Rxe8 35. Qc2 Re7 36. Qf5 g6 37. Qxe5 fxe5 38. Nf3 Ke6 39. Kf1
Kd6 40. Ke2 b5 41. Nh4 Re6 42. Nf3 Rf6 43. h4 Rf8 44. Ng5 a5 45. Nf3 b4 46. Nd2
Ra8 47. e4 d4 48. Nc4+ Ke6 49. Kd3 Ra6 50. Nb2 Ke7 51. Rc5 Kd6 52. Rc8 Kd7 53.
Rc5 Kd6 54. Rc8 Kd7 55. Rc5 Kd6 56. Rd5+ 1-0

[Event "DEM U12 2018"]
[Site "Willingen GER"]
[Date "2018.05.20"]
[Round "2"]
[White "Amato, Cristiano"]
[Black "May, Alexander"]
[Result "1-0"]
[Termination "normal"]
[Board "27"]
[WhiteElo "1681"]
[BlackElo "1373"]
[PlyCount "61"]
[WhiteFideId "12998460"]
[BlackFideId "16244974"]
[EventCountry "GER"]
[EventRounds "11"]
[EventType "swiss"]
[EventDate "2018.05.19"]

1. e4 c5 2. Nf3 d6 3. Bb5+ Bd7 4. Bxd7+ Qxd7 5. O-O Nf6 6. e5 dxe5 7. Nxe5 Qc7
8. d4 e6 9. Bf4 Bd6 10. Na3 Nc6 11. Nb5 Qd7 12. Nxd7 Bxf4 13. Nxf6+ gxf6 14. d5
O-O-O 15. Qf3 Bxh2+ 16. Kxh2 Ne5 17. Qa3 a6 18. Qxc5+ Kb8 19. Qc7+ Ka8 20. Rfd1
Rc8 21. Qa5 Rc5 22. Nc7+ Rxc7 23. Qxc7 h5 24. d6 h4 25. d7 Ng4+ 26. Kg1 h3 27.
d8=Q+ Rxd8 28. Rxd8+ Ka7 29. Rc8 h2+ 30. Kh1 a5 31. Qxa5# 1-0

[Event "DEM U12 2018"]
[Site "Willingen GER"]
[Date "2018.05.20"]
[Round "2"]
[White "Hochlenert, Ben"]
[Black "May, Ben-Iven"]
[Result "0-1"]
[Termination "normal"]
[Board "28"]
[WhiteElo "1023"]
[BlackElo "1769"]
[PlyCount "44"]
[WhiteFideId "16265980"]
[BlackFideId "16229673"]
[EventCountry "GER"]
[EventRounds "11"]
[EventType "swiss"]
[EventDate "2018.05.19"]

1. e4 c5 2. Bc4 g6 3. Nc3 Bg7 4. d3 e6 5. Nf3 Ne7 6. Be3 d5 7. Bb5+ Bd7 8.
Bxd7+ Nxd7 9. Qd2 d4 10. Bh6 dxc3 11. bxc3 O-O 12. h4 f5 13. Bxg7 Kxg7 14. Ng5
Qb6 15. d4 h6 16. dxc5 Nxc5 17. Qd4+ Kg8 18. Nf3 Nxe4 19. Qd7 Qxf2+ 20. Kd1
Rad8 21. Ne5 Rxd7+ 22. Nxd7 Qd2# 0-1

[Event "DEM U12 2018"]
[Site "Willingen GER"]
[Date "2018.05.21"]
[Round "3"]
[White "Hommer, Jeremy"]
[Black "Eilenberg, Jonas"]
[Result "1/2-1/2"]
[Termination "normal"]
[Board "1"]
[WhiteElo "1897"]
[BlackElo "1852"]
[WhiteClock "00:08:30"]
[BlackClock "00:46:05"]
[PlyCount "60"]
[WhiteFideId "12992577"]
[BlackFideId "16204271"]
[EventCountry "GER"]
[EventRounds "11"]
[EventType "swiss"]
[EventDate "2018.05.19"]

1. d4 {[%clk 1:15:57]} 1... d5 {[%clk 1:15:47]} 2. Bf4 {[%clk 1:16:23]} 2...
Nf6 {[%clk 1:15:43]} 3. e3 {[%clk 1:16:46]} 3... e6 {[%clk 1:15:57]} 4. Nd2 {
[%clk 1:16:38]} 4... Bd6 {[%clk 1:15:53]} 5. Bg3 {[%clk 1:16:24]} 5... O-O {
[%clk 1:16:07]} 6. Ngf3 {[%clk 1:16:18]} 6... c5 {[%clk 1:14:43]} 7. c3 { [%clk
1:16:34]} 7... Nc6 {[%clk 1:14:58]} 8. Bd3 {[%clk 1:16:12]} 8... b6 { [%clk
1:15:22]} 9. Ne5 {[%clk 1:10:04]} 9... Bb7 {[%clk 1:15:44]} 10. O-O { [%clk
1:09:48]} 10... Ne7 {[%clk 1:16:08]} 11. f4 {[%clk 1:09:47]} 11... Nf5 { [%clk
1:15:58]} 12. Bf2 {[%clk 1:10:10]} 12... Be7 {[%clk 1:16:22]} 13. Qe2 { [%clk
0:50:48]} 13... Ne4 {[%clk 1:14:09]} 14. Rad1 {[%clk 0:37:07]} 14... Qc8 {[%clk
1:09:15]} 15. g4 {[%clk 0:29:20]} 15... Nfd6 {[%clk 1:08:01]} 16. Nef3 { [%clk
0:26:44]} 16... a5 {[%clk 0:57:25]} 17. Bh4 {[%clk 0:26:44]} 17... Bxh4 { [%clk
0:57:45]} 18. Nxh4 {[%clk 0:27:13]} 18... Nxd2 {[%clk 0:57:46]} 19. Qxd2 {[%clk
0:26:11]} 19... Ne4 {[%clk 0:55:54]} 20. Qe2 {[%clk 0:23:53]} 20... a4 { [%clk
0:54:52]} 21. Qe1 {[%clk 0:19:21]} 21... a3 {[%clk 0:54:13]} 22. b3 { [%clk
0:19:10]} 22... cxd4 {[%clk 0:50:58]} 23. Bxe4 {[%clk 0:14:50]} 23... dxe4
{[%clk 0:51:00]} 24. Rxd4 {[%clk 0:15:15]} 24... e5 {[%clk 0:49:33]} 25. Nf5
{[%clk 0:15:20]} 25... Qc7 {[%clk 0:47:24]} 26. Rc4 {[%clk 0:14:28]} 26... Qb8
{[%clk 0:46:25]} 27. Qh4 {[%clk 0:14:11]} 27... exf4 {[%clk 0:45:30]} 28. Qg5
{[%clk 0:11:59]} 28... g6 {[%clk 0:45:12]} 29. Ne7+ {[%clk 0:08:02]} 29... Kg7
{[%clk 0:45:36]} 30. Nf5+ {[%clk 0:08:30]} 30... Kg8 {[%clk 0:46:05]} 1/2-1/2

[Event "DEM U12 2018"]
[Site "Willingen GER"]
[Date "2018.05.21"]
[Round "3"]
[White "Metzdorf, Matteo"]
[Black "Schubert, Nikita"]
[Result "0-1"]
[Termination "normal"]
[Board "2"]
[WhiteElo "1832"]
[BlackElo "1802"]
[WhiteClock "00:05:20"]
[BlackClock "00:06:40"]
[PlyCount "116"]
[WhiteFideId "16209869"]
[BlackFideId "16212339"]
[EventCountry "GER"]
[EventRounds "11"]
[EventType "swiss"]
[EventDate "2018.05.19"]

1. e4 {[%clk 1:15:57]} 1... e5 {[%clk 1:15:57]} 2. Nf3 {[%clk 1:16:20]} 2...
Nc6 {[%clk 1:16:23]} 3. Bb5 {[%clk 1:16:37]} 3... a6 {[%clk 1:16:47]} 4. Ba4 {
[%clk 1:16:59]} 4... d6 {[%clk 1:17:11]} 5. c3 {[%clk 1:03:44]} 5... f5 { [%clk
1:17:21]} 6. d3 {[%clk 1:00:00]} 6... fxe4 {[%clk 1:17:04]} 7. dxe4 { [%clk
1:00:17]} 7... Nf6 {[%clk 1:17:10]} 8. Nbd2 {[%clk 0:59:13]} 8... Bg4 { [%clk
1:15:39]} 9. Qe2 {[%clk 0:57:13]} 9... Qd7 {[%clk 1:08:40]} 10. O-O { [%clk
0:51:09]} 10... Be7 {[%clk 0:55:41]} 11. Re1 {[%clk 0:41:54]} 11... O-O { [%clk
0:50:00]} 12. Bc2 {[%clk 0:27:31]} 12... Nh5 {[%clk 0:46:06]} 13. Qe3 { [%clk
0:19:22]} 13... Nf4 {[%clk 0:43:14]} 14. Bd1 {[%clk 0:17:26]} 14... h6 { [%clk
0:41:56]} 15. Nf1 {[%clk 0:15:01]} 15... Rf6 {[%clk 0:30:16]} 16. Ng3 { [%clk
0:07:48]} 16... Raf8 {[%clk 0:28:04]} 17. Nh4 {[%clk 0:06:43]} 17... Bxd1
{[%clk 0:25:02]} 18. Rxd1 {[%clk 0:07:08]} 18... Qg4 {[%clk 0:25:21]} 19. f3 {
[%clk 0:04:11]} 19... Qxh4 {[%clk 0:23:56]} 20. Nf5 {[%clk 0:04:08]} 20... Qh5
{[%clk 0:20:49]} 21. g3 {[%clk 0:03:38]} 21... Ne6 {[%clk 0:19:52]} 22. Kg2 {
[%clk 0:02:55]} 22... Qf7 {[%clk 0:17:07]} 23. Rf1 {[%clk 0:02:53]} 23... Bd8 {
[%clk 0:13:04]} 24. g4 {[%clk 0:02:07]} 24... Nf4+ {[%clk 0:12:03]} 25. Kg1 {
[%clk 0:01:41]} 25... Kh7 {[%clk 0:10:53]} 26. Bd2 {[%clk 0:00:53]} 26... Re6 {
[%clk 0:09:28]} 27. Ng3 {[%clk 0:00:42]} 27... Bg5 {[%clk 0:09:36]} 28. Qe1 {
[%clk 0:00:49]} 28... Nh3+ {[%clk 0:09:09]} 29. Kg2 {[%clk 0:01:12]} 29... Bxd2
{[%clk 0:09:36]} 30. Qxd2 {[%clk 0:01:36]} 30... Nf4+ {[%clk 0:09:58]} 31. Kg1
{[%clk 0:01:35]} 31... Rf6 {[%clk 0:09:37]} 32. Qe3 {[%clk 0:01:28]} 32... g6 {
[%clk 0:09:37]} 33. b3 {[%clk 0:01:33]} 33... Nh3+ {[%clk 0:09:23]} 34. Kg2 {
[%clk 0:01:55]} 34... Ng5 {[%clk 0:09:46]} 35. h4 {[%clk 0:00:51]} 35... Ne6 {
[%clk 0:06:43]} 36. Rad1 {[%clk 0:00:56]} 36... Nf4+ {[%clk 0:04:39]} 37. Kh2 {
[%clk 0:00:51]} 37... Rd8 {[%clk 0:03:10]} 38. c4 {[%clk 0:00:51]} 38... Nd4 {
[%clk 0:03:20]} 39. Rd2 {[%clk 0:00:55]} 39... Rd7 {[%clk 0:02:33]} 40. Rdf2 {
[%clk 0:00:56]} 40... Qf8 {[%clk 0:02:11]} 41. Rd2 {[%clk 0:01:05]} 41... Rdf7
{[%clk 0:02:07]} 42. Rdf2 {[%clk 0:00:57]} 42... a5 {[%clk 0:14:40]} 43. a4 {
[%clk 0:13:22]} 43... Nfe6 {[%clk 0:14:35]} 44. Kg2 {[%clk 0:13:25]} 44... Nc5
{[%clk 0:14:36]} 45. g5 {[%clk 0:10:30]} 45... Rf4 {[%clk 0:14:07]} 46. h5 {
[%clk 0:09:15]} 46... hxg5 {[%clk 0:12:04]} 47. Rh1 {[%clk 0:08:15]} 47... Qe7
{[%clk 0:10:09]} 48. Rhf1 {[%clk 0:06:51]} 48... b6 {[%clk 0:09:25]} 49. Qc3 {
[%clk 0:06:11]} 49... g4 {[%clk 0:06:50]} 50. fxg4 {[%clk 0:06:10]} 50... Rxf2+
{[%clk 0:06:04]} 51. Rxf2 {[%clk 0:06:36]} 51... Rxf2+ {[%clk 0:06:24]} 52.
Kxf2 {[%clk 0:07:02]} 52... Qh4 {[%clk 0:05:58]} 53. hxg6+ {[%clk 0:05:54]}
53... Kxg6 {[%clk 0:06:25]} 54. Kg2 {[%clk 0:05:20]} 54... Qxg4 {[%clk 0:06:40]
} 55. b4 Nxe4 56. Qd3 Qxg3+ 57. Qxg3+ Nxg3 58. Kxg3 axb4 0-1

[Event "DEM U12 2018"]
[Site "Willingen GER"]
[Date "2018.05.21"]
[Round "3"]
[White "Foerster-Yialamas, Lucas"]
[Black "Tham, Nam"]
[Result "1/2-1/2"]
[Termination "normal"]
[Board "3"]
[WhiteElo "1924"]
[BlackElo "1866"]
[WhiteClock "00:31:51"]
[BlackClock "00:29:24"]
[PlyCount "94"]
[WhiteFideId "30901774"]
[BlackFideId "12997331"]
[EventCountry "GER"]
[EventRounds "11"]
[EventType "swiss"]
[EventDate "2018.05.19"]

1. e4 {[%clk 1:15:56]} 1... e5 {[%clk 1:15:55]} 2. Nf3 {[%clk 1:16:19]} 2...
Nc6 {[%clk 1:16:16]} 3. Bb5 {[%clk 1:16:42]} 3... a6 {[%clk 1:16:38]} 4. Ba4 {
[%clk 1:17:10]} 4... Nf6 {[%clk 1:16:54]} 5. O-O {[%clk 1:17:23]} 5... Be7 {
[%clk 1:16:59]} 6. Re1 {[%clk 1:17:07]} 6... b5 {[%clk 1:17:24]} 7. Bb3 { [%clk
1:17:32]} 7... O-O {[%clk 1:17:28]} 8. a4 {[%clk 1:17:23]} 8... b4 { [%clk
1:14:34]} 9. d4 {[%clk 1:17:13]} 9... d6 {[%clk 1:12:51]} 10. h3 { [%clk
1:17:07]} 10... a5 {[%clk 1:10:32]} 11. Be3 {[%clk 1:13:58]} 11... Ba6 { [%clk
1:09:07]} 12. Nbd2 {[%clk 1:12:46]} 12... h6 {[%clk 1:08:31]} 13. Nc4 { [%clk
1:11:07]} 13... Nd7 {[%clk 1:06:52]} 14. d5 {[%clk 1:10:04]} 14... Bxc4 { [%clk
1:06:34]} 15. Bxc4 {[%clk 1:10:01]} 15... Ncb8 {[%clk 1:06:38]} 16. c3 { [%clk
1:09:26]} 16... Na6 {[%clk 1:03:49]} 17. Bxa6 {[%clk 1:08:58]} 17... Rxa6
{[%clk 1:03:55]} 18. Qd3 {[%clk 1:09:04]} 18... Qc8 {[%clk 1:02:54]} 19. cxb4 {
[%clk 1:09:10]} 19... axb4 {[%clk 1:03:20]} 20. Qb5 {[%clk 1:08:51]} 20... c5 {
[%clk 1:00:43]} 21. dxc6 {[%clk 1:08:28]} 21... Qxc6 {[%clk 1:01:08]} 22. Qxb4
{[%clk 1:06:42]} 22... Rb8 {[%clk 1:01:03]} 23. Qc3 {[%clk 1:06:38]} 23... Qb7
{[%clk 0:57:21]} 24. Ra2 {[%clk 1:04:24]} 24... Bd8 {[%clk 0:54:48]} 25. Qd3 {
[%clk 0:57:50]} 25... Bb6 {[%clk 0:49:52]} 26. Nh4 {[%clk 0:52:26]} 26... Bxe3
{[%clk 0:50:04]} 27. Rxe3 {[%clk 0:52:12]} 27... Nc5 {[%clk 0:50:25]} 28. Qc2 {
[%clk 0:51:59]} 28... Kh7 {[%clk 0:49:08]} 29. Nf5 {[%clk 0:51:26]} 29... Qa7 {
[%clk 0:39:00]} 30. b3 {[%clk 0:47:23]} 30... g6 {[%clk 0:38:49]} 31. Ng3 {
[%clk 0:45:09]} 31... Rab6 {[%clk 0:39:15]} 32. Ra3 {[%clk 0:42:32]} 32... Qb7
{[%clk 0:38:57]} 33. Qd1 {[%clk 0:42:35]} 33... Nxb3 {[%clk 0:38:30]} 34. Qd5 {
[%clk 0:40:34]} 34... Qxd5 {[%clk 0:35:45]} 35. exd5 {[%clk 0:40:58]} 35... Nd2
{[%clk 0:34:19]} 36. Red3 {[%clk 0:40:34]} 36... Rb1+ {[%clk 0:28:38]} 37. Kh2
{[%clk 0:40:59]} 37... R1b2 {[%clk 0:28:51]} 38. a5 {[%clk 0:40:22]} 38... f5 {
[%clk 0:29:14]} 39. Rdc3 {[%clk 0:36:40]} 39... f4 {[%clk 0:29:05]} 40. Rc7+ {
[%clk 0:35:58]} 40... Kg8 {[%clk 0:29:26]} 41. Ne2 {[%clk 0:34:28]} 41... Nb1 {
[%clk 0:28:37]} 42. Ra1 {[%clk 0:32:08]} 42... Rxe2 {[%clk 0:28:45]} 43. a6 {
[%clk 0:32:34]} 43... Reb2 {[%clk 0:29:06]} 44. Rc6 {[%clk 0:32:22]} 44... Nd2
{[%clk 0:29:06]} 45. Rxd6 {[%clk 0:31:46]} 45... Rb1 {[%clk 0:28:36]} 46. a7 {
[%clk 0:31:35]} 46... Nf1+ {[%clk 0:29:00]} 47. Kg1 {[%clk 0:31:51]} 47... Ng3+
{[%clk 0:29:24]} 1/2-1/2